History Quiz

Random History or Art Quiz

Things in the Penn Museum Quiz Stats

 Plays Quiz not verified by Sporcle

Score 0/15 Timer 06:00
2 Plays Today
% Correct
Sphinx
95.9%
Papyrus
71%
Diana
56.3%
Navajo
45.5%
Israel
45.2%
Cuneiform
39.5%
Lyre
36.6%
Nigeria
34.2%
% Correct
Qing
33.9%
Pantheon
32.5%
Ur
32.4%
Thebes
30.6%
Amphora
23.3%
Nepal
16.3%
Philippines
14.9%

You're not logged in!

Compare scores with friends on all Sporcle quizzes.
OR
Log In

Show Comments

Extras

Top Quizzes Today


Score Distribution

Your Account Isn't Verified!

In order to create a playlist on Sporcle, you need to verify the email address you used during registration. Go to your Sporcle Settings to finish the process.

Report this User

Report this user for behavior that violates our Community Guidelines.

Details: